[Event "Hart House Reading Week op U1600"]
[Site "Toronto CAN"]
[Date "2012.02.24"]
[Round "5"]
[White "Pishdad, Hassan"]
[Black "Burke, David"]
[Result "1/2-1/2"]
[WhiteElo "1328"]
[BlackElo "1388"]
[PlyCount "111"]
[GameId "2160767909381609"]
[EventDate "2013.02.22"]
[EventType "swiss"]
[EventRounds "5"]
[EventCountry "CAN"]

1. d4 d5 2. c4 e6 3. e3 c5 4. Nf3 Nc6 5. cxd5 exd5 6. Bb5 Bd7 7. Nc3 Nf6 8. O-O Bd6 9. dxc5 Bxc5 10. Nxd5 O-O 11. Nc3 Re8 12. b3 Re7 13. Bb2 Bg4 14. Be2 Qe8 15. Qc2 Nb4 16. Qc1 Rd8 17. Rd1 Red7 18. h3 Bf5 19. Rxd7 Rxd7 20. Bb5 Nc6 21. Na4 Ne4 22. Nxc5 Rd5 23. Bd4 Nxd4 24. Bxe8 Ne2+ 25. Kf1 Nxc1 26. Rxc1 Rxc5 27. Rxc5 Nxc5 28. Bb5 a6 29. Bc4 b5 30. Bd5 Kf8 31. Nd4 Bd3+ 32. Ke1 Ke7 33. Kd2 f6 34. b4 Be4 35. Bc6 Bxc6 36. Nxc6+ Kd6 37. Nb8 Ne4+ 38. Ke1 Kc7 39. Nxa6+ Kb7 40. Nc5+ Nxc5 41. bxc5 Kc6 42. Kd2 Kxc5 43. Kc3 b4+ 44. Kb3 Kb5 45. f4 f5 46. g4 g6 47. g5 Kc5 48. h4 Kb5 49. Kc2 Ka4 50. Kb2 Kb5 51. Kb3 Kc5 52. Kc2 Kc4 53. Kd2 Kb5 54. Kd3 Ka4 55. Kc4 Ka5 56. Kb3 1/2-1/2

[Event "Hart House Reading Week op U1900"]
[Site "Toronto CAN"]
[Date "2013.02.22"]
[Round "1"]
[White "Armstrong, Robert J"]
[Black "Rosales, Diego"]
[Result "0-1"]
[WhiteElo "1632"]
[BlackElo "1292"]
[PlyCount "80"]
[GameId "2160767909381610"]
[EventDate "2013.02.22"]
[EventType "swiss"]
[EventRounds "5"]
[EventCountry "CAN"]

1. d4 Nf6 2. c4 e6 3. Nf3 b6 4. Nc3 Bb7 5. e3 Bb4 6. Be2 Ne4 7. Bd2 Nxc3 8. Bxc3 Bxc3+ 9. bxc3 O-O 10. Rb1 d6 11. O-O Nd7 12. Qc2 Qe7 13. e4 e5 14. Rfd1 exd4 15. cxd4 Bxe4 16. Bd3 Bxd3 17. Rxd3 Qe4 18. Re1 Qf5 19. Qd2 Rfe8 20. Rde3 Nf6 21. h3 Rxe3 22. Rxe3 Re8 23. Rxe8+ Nxe8 24. Qe2 Kf8 25. d5 h6 26. Nd4 Qe5 27. Qxe5 dxe5 28. Nc6 f6 29. Nxa7 Nd6 30. Kf1 Ke8 31. c5 bxc5 32. a4 Kd7 33. Ke2 Nc8 34. Nxc8 Kxc8 35. Kd3 f5 36. f3 h5 37. g4 hxg4 38. hxg4 g6 39. a5 Kb7 40. Kc4 e4 0-1

[Event "Hart House Reading Week op U1900"]
[Site "Toronto CAN"]
[Date "2013.02.22"]
[Round "1"]
[White "Huang, Patrick"]
[Black "Rutherdale, William"]
[Result "0-1"]
[WhiteElo "1653"]
[BlackElo "1597"]
[PlyCount "118"]
[GameId "2160767909381611"]
[EventDate "2013.02.22"]
[EventType "swiss"]
[EventRounds "5"]
[EventCountry "CAN"]

1. e4 c6 2. d4 d5 3. f3 dxe4 4. fxe4 Nf6 5. Nc3 Bg4 6. Be2 Bxe2 7. Ngxe2 e6 8. h3 Nbd7 9. Be3 Bb4 10. a3 Ba5 11. b4 Bc7 12. Bg5 e5 13. d5 h6 14. Bh4 Bb6 15. d6 O-O 16. Qd3 a5 17. Rd1 axb4 18. axb4 Ra3 19. Qd2 Qa8 20. Ng3 Qa6 21. Nf5 Qc4 22. Nb1 Qxe4+ 23. Qe2 Qxe2+ 24. Kxe2 Ra1 25. Rhe1 g5 26. Nxh6+ Kh7 27. Bxg5 Kg6 28. Bxf6 Nxf6 29. Ng4 Nxg4 30. hxg4 Rd8 31. Kf3 Kf6 32. Rd3 Ke6 33. Red1 Rd7 34. c4 c5 35. bxc5 Bxc5 36. Rd5 Rxd6 37. Rxd6+ Bxd6 38. Nc3 Ra3 39. Rd3 Bb4 40. Ke4 Rxc3 41. Rxc3 Bxc3 42. Kf3 Kf6 43. Kg3 Kg5 44. Kf3 Bd2 45. Ke4 Bf4 46. Kf3 f6 47. c5 Bh2 48. Ke4 Kxg4 49. Kd5 f5 50. Kd6 e4+ 51. Kd7 e3 52. Kc8 e2 53. Kxb7 e1=Q 54. c6 Qe7+ 55. Ka6 Qc7 56. g3 Bg1 57. Kb5 Qb6+ 58. Ka4 Bc5 59. c7 Qb4# 0-1

[Event "Hart House Reading Week op U1900"]
[Site "Toronto CAN"]
[Date "2013.02.23"]
[Round "3"]
[White "Armstrong, Robert J"]
[Black "Ye, Hanyuan"]
[Result "1-0"]
[WhiteElo "1632"]
[BlackElo "1645"]
[PlyCount "31"]
[GameId "2160767909381612"]
[EventDate "2013.02.22"]
[EventType "swiss"]
[EventRounds "5"]
[EventCountry "CAN"]

1. d4 e6 2. c4 c5 3. d5 exd5 4. cxd5 d6 5. Nc3 Na6 6. e4 Nc7 7. Bc4 Nf6 8. f4 Nd7 9. Nf3 g6 10. O-O Bg7 11. e5 b5 12. Nxb5 Nxd5 13. Kh1 Nxe5 14. fxe5 Nb4 15. Bg5 Rb8 16. Rc1 1-0

[Event "Hart House Reading Week op U1900"]
[Site "Toronto CAN"]
[Date "2013.02.23"]
[Round "3"]
[White "Wang, Constance"]
[Black "Armstrong, Robert J"]
[Result "0-1"]
[WhiteElo "1521"]
[BlackElo "1632"]
[PlyCount "70"]
[GameId "2160767909381613"]
[EventDate "2013.02.22"]
[EventType "swiss"]
[EventRounds "5"]
[EventCountry "CAN"]

1. e4 g6 2. d4 Bg7 3. Nf3 d6 4. Bd3 Nf6 5. O-O O-O 6. c4 Nc6 7. Nc3 e5 8. d5 Ne7 9. b4 a5 10. Qb3 Nd7 11. Be3 axb4 12. Qxb4 b6 13. Nb5 h6 14. a4 f5 15. a5 f4 16. axb6 Rxa1 17. Rxa1 cxb6 18. Bd2 Nc5 19. Bc2 g5 20. Bc3 Bg4 21. Nd2 f3 22. g3 Bh5 23. Nb3 Qd7 24. Kh1 Nc8 25. Nxc5 bxc5 26. Qa5 Bf6 27. Qc7 Qh3 28. Rg1 Be7 29. Bd3 Bg6 30. Ba5 Qg4 31. Re1 Bd8 32. Qc6 Bxa5 33. Ra1 Be8 34. Qa6 Bxb5 35. Qxa5 Be8 0-1

[Event "Hart House Reading Week op U1900"]
[Site "Toronto CAN"]
[Date "2013.02.27"]
[Round "3"]
[White "Armstrong, Robert J"]
[Black "Ye, Hanyuan"]
[Result "1-0"]
[WhiteElo "1632"]
[BlackElo "1645"]
[PlyCount "63"]
[GameId "2160767909381614"]
[EventDate "2013.02.22"]
[EventType "swiss"]
[EventRounds "5"]
[EventCountry "CAN"]

1. d4 e6 2. c4 c5 3. d5 exd5 4. cxd5 d6 5. Nc3 Na6 6. e4 Nc7 7. Bc4 Nf6 8. f4 Nd7 9. Nf3 Nb6 10. Bb3 g6 11. O-O Bg7 12. e5 c4 13. exd6 Qxd6 14. Ba4+ Nxa4 15. Qxa4+ b5 16. Nxb5 Qc5+ 17. Nbd4+ Bd7 18. Re1+ Kd8 19. Qd1 Nxd5 20. Kh1 Re8 21. Ne5 Bxe5 22. fxe5 Nb4 23. Bg5+ Kc8 24. Qf3 Rb8 25. Red1 Nd3 26. Rxd3 cxd3 27. Rc1 Qxc1+ 28. Bxc1 Rxe5 29. Qg3 Re4 30. Qf2 Rb4 31. Nf3 Re2 32. Qc5+ 1-0

[Event "Hart House Reading Week op U1900"]
[Site "Toronto CAN"]
[Date "2013.02.24"]
[Round "4"]
[White "Maister, Martin"]
[Black "Armstrong, Robert J"]
[Result "0-1"]
[WhiteElo "1641"]
[BlackElo "1632"]
[PlyCount "41"]
[GameId "2160767909381615"]
[EventDate "2013.02.22"]
[EventType "swiss"]
[EventRounds "5"]
[EventCountry "CAN"]

1. c4 f5 2. e4 fxe4 3. Nc3 Nf6 4. d3 exd3 5. Bxd3 e6 6. Bg5 Bb4 7. Nf3 O-O 8. O-O Bxc3 9. bxc3 Qe8 10. Ne5 d6 11. Bxf6 Rxf6 12. Ng4 Rf8 13. Re1 Qf7 14. Qc2 h6 15. Re3 e5 16. Rf3 Qe7 17. Nxh6+ gxh6 18. Rg3+ Kh8 19. Re1 Nd7 20. Rg6 Rf6 21. Rg8+ 0-1

[Event "Hart House Reading Week op U1900"]
[Site "Toronto CAN"]
[Date "2013.02.24"]
[Round "5"]
[White "Michelashvili, Alexandre"]
[Black "Armstrong, Robert J"]
[Result "1-0"]
[WhiteElo "1687"]
[BlackElo "1632"]
[PlyCount "87"]
[GameId "2160767909381616"]
[EventDate "2013.02.22"]
[EventType "swiss"]
[EventRounds "5"]
[EventCountry "CAN"]

1. e4 g6 2. d4 Bg7 3. Nf3 d6 4. Bd3 Nf6 5. O-O O-O 6. h3 Nc6 7. Nc3 e5 8. dxe5 Nxe5 9. Nxe5 dxe5 10. Bg5 c6 11. Qf3 h6 12. Be3 Nh7 13. Rad1 Ng5 14. Qe2 Qe7 15. Bc4 Be6 16. Bxe6 Nxe6 17. Qd2 Rad8 18. Qc1 Qh4 19. Bxa7 Nf4 20. Kh2 g5 21. Be3 Kh7 22. Rfe1 Rde8 23. Bc5 Rg8 24. Qe3 Bf6 25. Qg3 h5 26. Rd7 Rg7 27. Rxb7 g4 28. Qxh4 Bxh4 29. g3 Bxg3+ 30. fxg3 Nxh3 31. Rf1 Ng5 32. Be3 Nf3+ 33. Kg2 Re6 34. a4 Rf6 35. Rh1 Kg6 36. a5 Rh7 37. Bf2 Kg5 38. a6 Rd6 39. a7 h4 40. gxh4+ Nxh4+ 41. Bxh4+ Rxh4 42. Rxh4 Kxh4 43. a8=Q Rd2+ 44. Kf1 1-0

[Event "Hart House Winter op U1600"]
[Site "Toronto CAN"]
[Date "2013.01.04"]
[Round "1"]
[White "Pishdad, Hassan"]
[Black "Zhao, Harry"]
[Result "1-0"]
[WhiteElo "1236"]
[BlackElo "1598"]
[PlyCount "63"]
[GameId "2160767909410958"]
[EventDate "2013.01.04"]
[EventType "swiss"]
[EventRounds "5"]
[EventCountry "CAN"]

1. d4 d5 2. c4 e6 3. cxd5 exd5 4. a3 Bf5 5. Nc3 c6 6. e3 Nf6 7. Bd3 Bxd3 8. Qxd3 Bd6 9. Nf3 O-O 10. O-O Nbd7 11. Re1 Re8 12. e4 dxe4 13. Nxe4 Nxe4 14. Rxe4 Rxe4 15. Qxe4 Nf6 16. Qc2 h6 17. Be3 Nd5 18. Bd2 Qc7 19. Re1 Rd8 20. b4 b6 21. Kh1 c5 22. Qc4 Nf6 23. dxc5 bxc5 24. b5 Bxh2 25. Bc3 Ng4 26. Qxg4 f5 27. Qc4+ Kh8 28. Nxh2 Rf8 29. Qh4 Kh7 30. Nf3 Kg8 31. Re7 g5 32. Qc4+ 1-0

[Event "Hart House Winter op U1600"]
[Site "Toronto CAN"]
[Date "2013.01.05"]
[Round "2"]
[White "Pishdad, Hassan"]
[Black "Guo, Richard"]
[Result "1-0"]
[WhiteElo "1236"]
[BlackElo "1487"]
[PlyCount "121"]
[GameId "2160767909410959"]
[EventDate "2013.01.04"]
[EventType "swiss"]
[EventRounds "5"]
[EventCountry "CAN"]

1. d4 d6 2. e4 Nf6 3. Nc3 g6 4. Bc4 Bg7 5. Nge2 c6 6. a4 O-O 7. O-O Nbd7 8. Bg5 Nb6 9. Bb3 a5 10. Qd2 Bg4 11. h3 Bd7 12. Rab1 Qc8 13. Qe3 Qc7 14. e5 dxe5 15. dxe5 Nfd5 16. Bxd5 Nxd5 17. Nxd5 cxd5 18. c3 Bxa4 19. f4 Bb5 20. Rfd1 Bxe2 21. Qxe2 Rad8 22. Qb5 f6 23. exf6 exf6 24. Bh4 Qxf4 25. Rd4 Qd6 26. Rbd1 Qc6 27. Qxa5 b6 28. Qa2 Qc5 29. Bf2 Qe7 30. Rxd5 Qe6 31. Qc4 Rc8 32. Qd3 f5 33. Rd6 Qe7 34. Bxb6 Rfe8 35. Bf2 Be5 36. Qd5+ Kh8 37. Rd7 Qe6 38. Qxe6 Rxe6 39. Rd8+ Rxd8 40. Rxd8+ Kg7 41. Bd4 Bxd4+ 42. Rxd4 Rb6 43. Rd2 g5 44. g4 f4 45. Kf2 Kg6 46. c4 Rb3 47. Kg2 Rg3+ 48. Kh2 Re3 49. c5 Re4 50. Rc2 Re8 51. Kg2 Rc8 52. b4 Kf6 53. c6 Ke6 54. Kf3 Kd6 55. b5 Re8 56. c7 Kd7 57. b6 Kc8 58. Re2 Rh8 59. Re7 Kb7 60. Rd7 Kc8 61. b7+ 1-0

[Event "Hart House Winter op U1600"]
[Site "Toronto CAN"]
[Date "2013.01.05"]
[Round "2"]
[White "Wang, Constance"]
[Black "Kurkowski, Ken"]
[Result "0-1"]
[WhiteElo "1414"]
[BlackElo "1555"]
[PlyCount "64"]
[GameId "2160767909410960"]
[EventDate "2013.01.04"]
[EventType "swiss"]
[EventRounds "5"]
[EventCountry "CAN"]

1. e4 e6 2. d4 d5 3. e5 c5 4. c3 Qb6 5. Nf3 Nc6 6. a3 c4 7. Nbd2 f6 8. g3 fxe5 9. Nxe5 Nxe5 10. dxe5 Bc5 11. Qe2 Ne7 12. Bg2 Rf8 13. Nf3 Bd7 14. O-O h6 15. h4 Nf5 16. Kh2 O-O-O 17. Bh3 Rf7 18. Bxf5 Rxf5 19. Bf4 Rdf8 20. Rad1 Bc6 21. Nd4 Rxf4 22. gxf4 Rxf4 23. Kg3 Re4 24. Qc2 Bxd4 25. cxd4 Qd8 26. Rh1 Qe8 27. Qc3 Qg6+ 28. Kh3 Qg4+ 29. Kh2 Qxh4+ 30. Kg2 Qg4+ 31. Kh2 Qh5+ 32. Kg2 Rg4+ 0-1

[Event "Hart House Winter op U1600"]
[Site "Toronto CAN"]
[Date "2013.01.05"]
[Round "3"]
[White "Molev, Daniel"]
[Black "Pishdad, Hassan"]
[Result "1-0"]
[WhiteElo "1514"]
[BlackElo "1236"]
[PlyCount "35"]
[GameId "2160767909410961"]
[EventDate "2013.01.04"]
[EventType "swiss"]
[EventRounds "5"]
[EventCountry "CAN"]

1. e4 c5 2. Nf3 e6 3. c4 d5 4. exd5 exd5 5. d4 cxd4 6. Nxd4 Nf6 7. Bd3 Be7 8. O-O O-O 9. Be3 Nbd7 10. Nf5 Ne5 11. Nxe7+ Qxe7 12. Bc2 Nxc4 13. Bg5 h6 14. Re1 Be6 15. Bxf6 Qxf6 16. b3 Nb6 17. Qd3 g6 18. Nd2 1-0

[Event "Hart House Winter op U1600"]
[Site "Toronto CAN"]
[Date "2013.01.06"]
[Round "4"]
[White "Archibald, Colin"]
[Black "Pishdad, Hassan"]
[Result "1/2-1/2"]
[WhiteElo "1425"]
[BlackElo "1236"]
[PlyCount "100"]
[GameId "2160767909410962"]
[EventDate "2013.01.04"]
[EventType "swiss"]
[EventRounds "5"]
[EventCountry "CAN"]

1. d4 Nf6 2. h3 e6 3. Bf4 d5 4. Nf3 Bb4+ 5. c3 Be7 6. e3 O-O 7. Bd3 Nc6 8. Nbd2 h6 9. e4 Nh5 10. Bh2 dxe4 11. Nxe4 f5 12. Ned2 g6 13. Qe2 Bd6 14. O-O Bxh2+ 15. Kxh2 Nf4 16. Qe3 Qd6 17. Kg1 Kh7 18. Bc2 Nd5 19. Qe2 b6 20. Rfe1 Nf4 21. Qe3 Nd8 22. Nc4 Qc6 23. Nce5 Nd5 24. Qd2 Qe8 25. Bb3 Nf6 26. Qf4 Nh5 27. Qd2 Nf7 28. Nh4 Nxe5 29. Rxe5 Qe7 30. Nf3 Qd6 31. Rae1 Rf6 32. Qe3 Ng7 33. Rd1 c6 34. Ne1 Bb7 35. Nd3 Re8 36. Nf4 Bc8 37. h4 a5 38. Re1 b5 39. a3 a4 40. Ba2 Bd7 41. Qg3 Rg8 42. Qh3 h5 43. Qg3 Rgf8 44. Qg5 R8f7 45. R1e3 Rf8 46. Rg3 Be8 47. Rh3 Qe7 48. Rg3 Qd6 49. Rge3 Bd7 50. Rg3 Be8 1/2-1/2

[Event "Hart House Winter op U1600"]
[Site "Toronto CAN"]
[Date "2013.01.06"]
[Round "5"]
[White "Pishdad, Hassan"]
[Black "Ashcroft, Michael"]
[Result "0-1"]
[WhiteElo "1236"]
[BlackElo "1449"]
[PlyCount "80"]
[GameId "2160767909410963"]
[EventDate "2013.01.04"]
[EventType "swiss"]
[EventRounds "5"]
[EventCountry "CAN"]

1. d4 d5 2. c4 c6 3. e3 e6 4. Bd3 dxc4 5. Bxc4 Nf6 6. Nc3 Nbd7 7. Nge2 Nb6 8. Bd3 Nbd5 9. a3 b6 10. e4 Nxc3 11. bxc3 Bb7 12. e5 Nd5 13. Be4 Rc8 14. c4 Ne7 15. O-O Ng6 16. Be3 Be7 17. Ng3 O-O 18. Bxg6 fxg6 19. Qb3 c5 20. Rad1 cxd4 21. Bxd4 Qc7 22. c5 Bd5 23. Qe3 Bxc5 24. Ne2 Bxd4 25. Nxd4 a6 26. Rc1 Qb7 27. Qh3 Rxc1 28. Rxc1 Rc8 29. Rxc8+ Qxc8 30. Qe3 Qc5 31. h3 b5 32. Kh2 a5 33. Qg5 h6 34. Qg4 Qc4 35. Qf4 b4 36. axb4 axb4 37. Qd2 Qc3 38. Qd1 b3 39. f4 b2 40. Ne2 Qb4 0-1

[Event "Hart House Winter op U1900"]
[Site "Toronto CAN"]
[Date "2013.01.04"]
[Round "1"]
[White "Picinnin, Mario"]
[Black "Armstrong, Robert J"]
[Result "1-0"]
[WhiteElo "1775"]
[BlackElo "1600"]
[PlyCount "93"]
[GameId "2160767909410953"]
[EventDate "2013.01.06"]
[EventType "swiss"]
[EventRounds "5"]
[EventCountry "CAN"]

1. b3 f5 2. c4 e6 3. Bb2 Nf6 4. f4 b6 5. Nf3 Bb7 6. e3 c5 7. Nc3 Be7 8. Be2 O-O 9. d3 Nc6 10. Qd2 Nb4 11. a3 Nc6 12. O-O-O Na5 13. Qc2 Ng4 14. Kd2 Nf2 15. Rhg1 Nxd1 16. Qxd1 d5 17. Kc2 dxc4 18. bxc4 Bf6 19. g4 Bc6 20. gxf5 Bxc3 21. Kxc3 exf5 22. Ne5 Qf6 23. d4 cxd4+ 24. exd4 Rac8 25. d5 Rfd8 26. Kd4 b5 27. Ke3 Qe7 28. Kf3 g6 29. Qd4 Bb7 30. Kf2 Qc5 31. cxb5 Rxd5 32. Qxc5 Rcxc5 33. Ke3 Rc2 34. Bc1 Kf8 35. h4 Nb3 36. Nd3 Nxc1 37. Rxc1 Rxc1 38. Nxc1 Rc5 39. Kd2 Be4 40. a4 Rc2+ 41. Kd1 Rc3 42. a5 Ra3 43. a6 Bf3 44. Kd2 Ke7 45. Bxf3 Rxf3 46. Nd3 Kd6 47. b6 1-0

[Event "Hart House Winter op U1900"]
[Site "Toronto CAN"]
[Date "2013.01.05"]
[Round "2"]
[White "Armstrong, Robert J"]
[Black "Ding, Jack"]
[Result "0-1"]
[WhiteElo "1600"]
[BlackElo "1822"]
[PlyCount "80"]
[GameId "2160767909410954"]
[EventDate "2013.01.06"]
[EventType "swiss"]
[EventRounds "5"]
[EventCountry "CAN"]

1. g3 Nf6 2. Bg2 g6 3. c4 Bg7 4. Qb3 c6 5. Nc3 O-O 6. d4 d6 7. Bg5 Qb6 8. Qxb6 axb6 9. e4 h6 10. Bxf6 Bxf6 11. O-O-O Nd7 12. f4 e5 13. dxe5 dxe5 14. f5 Nc5 15. fxg6 fxg6 16. Nf3 Bg4 17. Rd6 Bxf3 18. Bxf3 Bg5+ 19. Kb1 Rxf3 20. Rxg6+ Kh7 21. Rd6 Raf8 22. Rhd1 Be7 23. R6d2 R8f7 24. Kc2 Rf2 25. b4 Ne6 26. a3 Nd4+ 27. Kb2 Bg5 28. Rxf2 Rxf2+ 29. Kb1 Rf3 30. Kb2 Rf2+ 31. Kb1 Bd2 32. Na4 b5 33. cxb5 cxb5 34. Nc5 Bc3 35. Nd3 Rxh2 36. Rc1 Ne2 37. Rc2 Rh1+ 38. Nc1 Nxc1 39. Rxc1 Rxc1+ 40. Kxc1 Kg6 0-1

[Event "Hart House Winter op U1900"]
[Site "Toronto CAN"]
[Date "2013.01.06"]
[Round "4"]
[White "Armstrong, Robert J"]
[Black "Deline, Ralph"]
[Result "1-0"]
[WhiteElo "1600"]
[BlackElo "1835"]
[PlyCount "57"]
[GameId "2160767909410956"]
[EventDate "2013.01.06"]
[EventType "swiss"]
[EventRounds "5"]
[EventCountry "CAN"]

1. d4 Nf6 2. c4 e6 3. Nf3 d5 4. e3 Be7 5. Bd3 O-O 6. O-O c6 7. Nc3 Nbd7 8. b3 b6 9. Bb2 Bb7 10. e4 dxe4 11. Nxe4 Nxe4 12. Bxe4 Nf6 13. Bc2 Qc7 14. Qd3 Rad8 15. d5 g6 16. Be5 Qd7 17. d6 Bxd6 18. Bxf6 Bxh2+ 19. Nxh2 Qxd3 20. Bxd3 Rxd3 21. Rad1 Rxd1 22. Rxd1 Bc8 23. Nf3 h6 24. Ne5 c5 25. Nc6 a6 26. a4 Bb7 27. Ne5 b5 28. axb5 axb5 29. Nd7 1-0

[Event "Hart House Winter op U1900"]
[Site "Toronto CAN"]
[Date "2013.01.06"]
[Round "5"]
[White "Clarke, Brian"]
[Black "Armstrong, Robert J"]
[Result "1-0"]
[WhiteElo "1753"]
[BlackElo "1600"]
[PlyCount "46"]
[GameId "2160767909410957"]
[EventDate "2013.01.06"]
[EventType "swiss"]
[EventRounds "5"]
[EventCountry "CAN"]

1. d4 f5 2. Nf3 Nf6 3. Bf4 e6 4. e3 c5 5. c3 b6 6. Nbd2 Bb7 7. Be2 Ne4 8. Nxe4 Bxe4 9. Nd2 Bb7 10. Nc4 d5 11. Ne5 Nd7 12. Nf3 Nf6 13. dxc5 bxc5 14. Qb3 Bc6 15. Bd6 Bxd6 16. c4 Qc7 17. Ng5 Qe7 18. Nf3 Qc7 19. cxd5 exd5 20. Rb1 Ne4 21. a4 g6 22. Qb5 a5 23. Kf1 Ke7 1-0

[Event "Jeunes Espoirs"]
[Site "Montreal CAN"]
[Date "2013.06.21"]
[Round "1"]
[White "Zhu, Hong Rui"]
[Black "Lopez Linares, Lizandro"]
[Result "1/2-1/2"]
[WhiteElo "2034"]
[BlackElo "2020"]
[PlyCount "60"]
[GameId "2160767909339316"]
[EventDate "2013.06.21"]
[EventType "tourn"]
[EventRounds "10"]
[EventCountry "CAN"]
[SourceTitle "EXT 2022"]
[Source "ChessBase"]
[SourceDate "2021.10.06"]
[SourceVersion "1"]
[SourceVersionDate "2021.10.06"]
[SourceQuality "1"]

1. e4 c6 2. d4 d5 3. exd5 cxd5 4. Bd3 Nc6 5. c3 Qc7 6. Nf3 Bg4 7. Be2 Nf6 8. O-O e6 9. Nbd2 Bd6 10. Re1 O-O 11. Nf1 Bxf3 12. Bxf3 h6 13. Be2 Rad8 14. Ng3 e5 15. dxe5 Bxe5 16. Qc2 Rfe8 17. Be3 Bf4 18. Bxf4 Qxf4 19. Bb5 Qd6 20. Nf5 Qc5 21. Qa4 Rxe1+ 22. Rxe1 Ne4 23. Rf1 Ne5 24. Qd4 Qxd4 25. Nxd4 a6 26. Be2 Kf8 27. Rd1 b5 28. a3 g6 29. f4 Nc4 30. Bxc4 bxc4 1/2-1/2

[Event "Jeunes Espoirs"]
[Site "Montreal CAN"]
[Date "2013.06.22"]
[Round "2"]
[White "Luo, Zhao Yang"]
[Black "Nikulich, Oleksandr"]
[Result "0-1"]
[WhiteElo "1962"]
[BlackElo "1929"]
[PlyCount "70"]
[GameId "2160767909339318"]
[EventDate "2013.06.21"]
[EventType "tourn"]
[EventRounds "10"]
[EventCountry "CAN"]
[SourceTitle "EXT 2022"]
[Source "ChessBase"]
[SourceDate "2021.10.06"]
[SourceVersion "1"]
[SourceVersionDate "2021.10.06"]
[SourceQuality "1"]

1. d4 d5 2. Nf3 Nf6 3. e3 e6 4. Bd3 c5 5. b3 Nc6 6. O-O Bd6 7. Bb2 O-O 8. Ne5 Qc7 9. f4 Ne7 10. Nd2 b6 11. Qf3 cxd4 12. Ng4 Nxg4 13. Qxg4 e5 14. Qh5 g6 15. Qh6 e4 16. Bxe4 dxe4 17. Nxe4 f6 18. Qh4 Nf5 19. Nxf6+ Kg7 20. Qg5 Rxf6 21. e4 Qxc2 22. e5 Rf7 23. Rf2 Be7 24. Rxc2 Bxg5 25. fxg5 Be6 26. g4 Ne3 27. Rc6 Raf8 28. h3 Rf1+ 29. Rxf1 Rxf1+ 30. Kh2 Rf2+ 31. Kg3 Rxb2 32. Rxe6 d3 33. Re7+ Kf8 34. Rxa7 d2 35. Rd7 d1=Q 0-1

[Event "Jeunes Espoirs"]
[Site "Montreal CAN"]
[Date "2013.06.22"]
[Round "2"]
[White "Sprumont, Oscar"]
[Black "Zhu, Hong Rui"]
[Result "1/2-1/2"]
[WhiteElo "1955"]
[BlackElo "2034"]
[PlyCount "49"]
[GameId "2160767909339319"]
[EventDate "2013.06.21"]
[EventType "tourn"]
[EventRounds "10"]
[EventCountry "CAN"]
[SourceTitle "EXT 2022"]
[Source "ChessBase"]
[SourceDate "2021.10.06"]
[SourceVersion "1"]
[SourceVersionDate "2021.10.06"]
[SourceQuality "1"]

1. Nf3 c5 2. g3 Nc6 3. d4 cxd4 4. Nxd4 g6 5. c4 Bg7 6. Nc2 Nf6 7. Nc3 O-O 8. Bg2 d6 9. O-O Be6 10. b3 Qc8 11. Rb1 Bh3 12. Ne3 Bxg2 13. Kxg2 Ng4 14. Ncd5 Qe6 15. Kg1 Rac8 16. Bb2 Nxe3 17. Nxe3 Ne5 18. Qd2 Qh3 19. Qd5 Bh6 20. Qg2 Qxg2+ 21. Nxg2 Nd7 22. Nf4 Bxf4 23. gxf4 f5 24. Kg2 b5 25. cxb5 1/2-1/2

[Event "Jeunes Espoirs"]
[Site "Montreal CAN"]
[Date "2013.06.22"]
[Round "3"]
[White "Lopez Linares, Lizandro"]
[Black "Sprumont, Oscar"]
[Result "1/2-1/2"]
[WhiteElo "2020"]
[BlackElo "1955"]
[PlyCount "81"]
[GameId "2160767909339320"]
[EventDate "2013.06.21"]
[EventType "tourn"]
[EventRounds "10"]
[EventCountry "CAN"]
[SourceTitle "EXT 2022"]
[Source "ChessBase"]
[SourceDate "2021.10.06"]
[SourceVersion "1"]
[SourceVersionDate "2021.10.06"]
[SourceQuality "1"]

1. d4 Nf6 2. c4 g6 3. Nc3 d5 4. cxd5 Nxd5 5. Bd2 Nb6 6. Bf4 Bg7 7. e3 O-O 8. Nf3 Nc6 9. h3 Re8 10. Be2 Be6 11. O-O Nd5 12. Bh2 Na5 13. Qa4 Nxc3 14. bxc3 c5 15. e4 Bd7 16. Qa3 cxd4 17. cxd4 e6 18. Rac1 Bc6 19. Qe3 Qe7 20. Rfd1 Red8 21. h4 h6 22. Bf4 Kh7 23. Bd3 Rac8 24. d5 exd5 25. e5 d4 26. Nxd4 Qxh4 27. Bb1 b6 28. Nxc6 Nxc6 29. e6 Rxd1+ 30. Rxd1 Bd4 31. Qf3 Qe7 32. Qh3 Qxe6 33. Qxh6+ Kg8 34. Qh3 Qxh3 35. gxh3 Be5 36. Be3 Rd8 37. Rc1 Nd4 38. Kg2 Bg7 39. Rc4 Ne6 40. Ra4 Rd7 41. Kf3 1/2-1/2

[Event "Jeunes Espoirs"]
[Site "Montreal CAN"]
[Date "2013.06.22"]
[Round "3"]
[White "Zhu, Hong Rui"]
[Black "Luo, Zhao Yang"]
[Result "1-0"]
[WhiteElo "2034"]
[BlackElo "1962"]
[PlyCount "77"]
[GameId "2160767909339322"]
[EventDate "2013.06.21"]
[EventType "tourn"]
[EventRounds "10"]
[EventCountry "CAN"]
[SourceTitle "EXT 2022"]
[Source "ChessBase"]
[SourceDate "2021.10.06"]
[SourceVersion "1"]
[SourceVersionDate "2021.10.06"]
[SourceQuality "1"]

1. e4 c6 2. d4 d5 3. exd5 cxd5 4. Bd3 Nf6 5. c3 Nc6 6. Bf4 Bg4 7. Qb3 Qd7 8. Nd2 e6 9. Ngf3 Bxf3 10. Nxf3 Bd6 11. Bg3 O-O 12. a4 Rab8 13. O-O Bxg3 14. fxg3 Qc7 15. Rae1 a6 16. Ne5 Nxe5 17. Rxe5 b5 18. axb5 axb5 19. Qd1 Qe7 20. Qd2 b4 21. Qg5 Rfe8 22. Qh4 bxc3 23. bxc3 Rb3 24. Re3 h6 25. Ref3 Ra8 26. g4 Ra2 27. g5 hxg5 28. Qxg5 Kf8 29. Rg3 Ne8 30. Qh5 f5 31. Qh8+ Kf7 32. Bxf5 exf5 33. Rxf5+ Ke6 34. Re3+ Kxf5 35. Qh7+ Kf6 36. Qh4+ g5 37. Qh6+ Kf5 38. Rf3+ Ke4 39. Qg6# 1-0

[Event "Jeunes Espoirs"]
[Site "Montreal CAN"]
[Date "2013.06.23"]
[Round "4"]
[White "Luo, Zhao Yang"]
[Black "Lopez Linares, Lizandro"]
[Result "0-1"]
[WhiteElo "1962"]
[BlackElo "2020"]
[PlyCount "66"]
[GameId "2160767909339324"]
[EventDate "2013.06.21"]
[EventType "tourn"]
[EventRounds "10"]
[EventCountry "CAN"]
[SourceTitle "EXT 2022"]
[Source "ChessBase"]
[SourceDate "2021.10.06"]
[SourceVersion "1"]
[SourceVersionDate "2021.10.06"]
[SourceQuality "1"]

1. d4 c5 2. e3 cxd4 3. exd4 d5 4. Nf3 Nf6 5. c4 Nc6 6. Nc3 Bg4 7. Be3 e6 8. Be2 dxc4 9. Qa4 Qa5 10. Qxc4 Be7 11. Qb3 Qb4 12. O-O Qxb3 13. axb3 O-O 14. Ne5 Bxe2 15. Nxe2 Nb4 16. Rfc1 Nfd5 17. Nc3 a6 18. Nxd5 Nxd5 19. Rc4 Rfd8 20. Nd3 Bd6 21. b4 Rdc8 22. Rac1 Rxc4 23. Rxc4 b5 24. Rc6 Bxb4 25. Nc5 a5 26. Na6 Bf8 27. Kf1 a4 28. Ke2 b4 29. Kd3 a3 30. bxa3 bxa3 31. Kc2 Rxa6 32. Rxa6 Nb4+ 33. Kb3 Nxa6 0-1